000 00593nam a2200205Ia 4500
003 GCL
008 140319s9999 xx 000 0 ara d
040 _aGCL /
_cGCL
082 0 4 _a814.008
_bا م
100 1 _aانيس منصور
245 1 0 _aمواقف :
_bمقالات /
_cانيس منصور
260 _aالقاهرة :
_bمكتبة مدبولى ،
_c1988
300 _aمتعدد ؛
_c24 سم
490 _a
650 0 4 _aمصر
650 0 4 _aالاحوال الاجتماعية
650 0 4 _aالمقالات العربية
650 0 4 _aالمقالات
942 _2ddc
_cBK
999 _c56340
_d56340